000
00308nam a2200121Ia 4500
008
220216s9999 xx 000 0 und d
245
0
_a
Natural rubber future: Bleak or bright
260
_b
Rubber International Magazine
_c
2013
300
_a
28-31
650
_a
IRSG
650
_a
Natural rubber
942
_c
JS
999
_c
63524
_d
63524